Will Ferrell Movies - Statistics

General Stats
  • This quiz has been taken 19 times
  • The average score is 13 of 20
Answer Stats
Picture Answer % Correct
Elf
100%
Megamind
94%
Step Brothers
94%
Anchorman
88%
Blades of Glory
88%
Talladega Nights
88%
Get Hard
82%
The Other Guys
76%
Daddy's Home
71%
Kicking and Screaming
71%
Zoolander
71%
Old School
59%
Semi-Pro
53%
Land of the Lost
47%
The Campaign
47%
Bewitched
41%
A Night At The Roxbury
35%
Holmes and Watson
35%
Superstar
35%
Spirited
24%
No matching quizzes found
Score Distribution
Percent of People with Each Score
Percentile by Number Answered
Your Score History
You have not taken this quiz